Lecture Notes in Computer Science : Language Hierarchies and Intefaces. International Summer School

Salvato in:
Dettagli Bibliografici
Natura: Periodico
Lingua:inglese
Pubblicazione: 1976
Tags: Aggiungi Tag
Nessun Tag, puoi essere il primo ad aggiungerne!!

MARC

LEADER 00000nas a22000003a 4500
001 stu263572
005 20141122011430.3
008 130311s1976------------------------eng-d
040 |a STU  |b slo 
041 0 |a eng 
245 |a Lecture Notes in Computer Science :  |b Language Hierarchies and Intefaces. International Summer School 
260 |c 1976 
773 0 |t Lecture Notes in Computer Science  |w stu_us_cat*stu129293  |x 0302-9743  |7 nnas 
996 |c I*Z2395  |d Vol. 46, 1976  |v Vol. 46  |y 1976  |l I  |s A  |a 24  |w stu263572_0001